| 000 | 00836nam a22002535a 4500 | ||
|---|---|---|---|
| 005 | 20170103125450.0 | ||
| 008 | 170103s2016 gw a frb 000 0 eng d | ||
| 020 | _a9783659924750 | ||
| 040 |
_aEG-ScBUE _beng _cEG-ScBUE _dEG-ScBUE |
||
| 082 | 0 | 4 |
_222 _a616.462 _bAYO |
| 100 | 1 | _aAyoub, Bassam. | |
| 245 | 1 | 0 |
_aPharmaceutical analysis of some DPP-4 inhibitors / _cBassam Ayoub, Ramzia EL-Bagary, Ehab Elkady. |
| 260 |
_aSaarbrücken : _bLAP LAMBERT Academic Publishing, _c2016. |
||
| 300 |
_axxv, 208 p. : _bill. ; _c24 cm. |
||
| 504 | _aIncludes bibliographical references. | ||
| 590 | _aComposed by BUE academic. | ||
| 650 | 0 |
_2BUEsh _aDPP-4 inhibitors. |
|
| 650 | 0 |
_2BUEsh _aLiquid chromatography. |
|
| 651 | _2BUEsh | ||
| 653 |
_bPPhrm _cJanuary2017 |
||
| 700 | 1 | _aEL-Bagary, Ramzia. | |
| 700 | 1 | _aElkady, Ehab. | |
| 942 | _2ddc | ||
| 999 |
_c23811 _d23783 |
||